| 000 | 00711nam a22002537a 4500 | ||
|---|---|---|---|
| 003 | OSt | ||
| 005 | 20220107122832.0 | ||
| 008 | 170805b xxu||||| |||| 00| 0 eng d | ||
| 020 | _a9788126562176 | ||
| 040 | _cIIITMK | ||
| 082 | _a005.73P GOO/ D | ||
| 100 |
_a Goodrich, Michael T _912646 |
||
| 245 | _aData structures and algorithms in Python | ||
| 260 |
_aNew Delhi, _bWiley India, _c2013. |
||
| 300 | _axix, 748p. | ||
| 650 |
_aCOMPUTER SCIENCE _912647 |
||
| 650 |
_aDATA STRUCTURES _912648 |
||
| 650 |
_aALGORITHMS _912649 |
||
| 650 |
_aPROGRAMMING LANGUAGE _912650 |
||
| 650 |
_aPYTHON _912651 |
||
| 700 |
_a Tamassia, Roberto _912652 |
||
| 700 |
_aGoldwasser, Michael H _912653 |
||
| 942 |
_2ddc _cBK |
||
| 999 |
_c5796 _d5796 |
||